000 01119cam a2200265 4500
001 ABS64618
008 011026n2001 000 0 eng u
035 _a(Sirsi) u115342
100 _aBowdler, N
245 _aEndurance test
260 _c2001
490 _aBuilding Design
_v(1503) 28 September 2001, 10-11(2)
520 _aA recent report by the Institute for Public Policy Research (IPPR), "Building better partnerships" claims that PFI is a flawed process that needs radical rethinking. Presents views from CABE and RIBA who are both lobbying government over PFI, and discusses the design aspects of a number of PFI hospital schemes. Argues that the emphasis on value for money at the core of PFI can go against good design, putting developers before architects.
590 _aABS
650 _aPFI
650 _aARCHITECTURE
650 _aHOSPITALS
650 _aPRIVATE FINANCE INITIATIVE
650 _aINSTITUTE FOR PUBLIC POLICY RESEARCH
650 _aPUBLIC SECTOR
650 _aSCHOOLS
650 _aBUILT ENVIRONMENT-CONSTRUCTION DESIGN
690 _aBUILT ENVIRONMENT
942 _n0
999 _c68694
_d68694